000 00590nam a22001937a 4500
005 20251108172712.0
008 250721s2002 xx 000 0 ara d
082 1 4 _aط/921.89/طبا
100 1 _aالطباع، عمر
_eمؤلف
245 1 0 _aالكندي فيلسوف العرب والإسلام /
250 _a2
264 1 _aبيروت :
_bمؤسسة المعارف،
_c2002.
300 _a247ص.
650 1 7 _aالفلسفة الإسلامية
650 1 7 _aفلسفة الكندي
653 _aناشئون صغار ( 10 - 14سنة )
942 _2ddc
_cBK
999 _c86307
_d86307